000 00509nam a2200181Ia 4500
008 100920s9999 xx 000 0 und d
082 _b87549
_a410 0
100 _a---
245 _aमराठी कादंबरी कथा.
260 _b---
_c0
300 _a95
_bसाधी
365 _b0
520 _aभाषा.
630 _aमराठी कादंबरी कथा.
650 _aभाषा.
730 _aमराठी कादंबरी कथा.
942 _cBOOK
999 _c728059
_d728056